000 01164cam a2200313 i 4500
001 0000638
003 DO-SdBNP
005 20171213111700.0
007 0000638
008 100514s 2008 mx | 000 f spa
015 _a
017 _a
_b
020 _a9786071100313
035 _a
040 _aBPMSU
_bspa
_cBPMSU
_e
080 _a
100 1 _aKoppel, Mónica
245 1 0 _a2009 año del buey de tierra
_bconoce qué te depara el año del buey de tierra y como apoyarte en el feng shui para obtener éxito, amor, equilibrio, armonía, paz y abundancia durante este año /
_cMónica Koppel, Bruno Koppel
246 1 0 _aDos mil nueve año del buey de tierra
_bconoce qué te depara el año del buey de tierra y como apoyarte en el feng shui para obtener éxito, amor, equilibrio, armonía, paz y abundancia durante este año /
260 _aMéxio:
_bAlamah,
_c2008.
300 _a356 p.:
_c22 cm
490 _aTradiciones de oriente
504 _aBibliografía p: 353-356
700 1 2 _aKoppel, Bruno
830 0 _aTradiciones de oriente
942 _2ddc
_cBK
945 _aInventariado extranjero 2017/ YL
956 _aYLOCKWARD
_810
_cBPMSU
999 _c11256
_d11256